Online
Catalog

Estampas de la Tierra de Ávila : (Record no. 43333)

MARC details
000 -CABECERA
campo de control de longitud fija 00882nam a2200169 a 4500
001 - NÚMERO DE CONTROL
campo de control 000043844
005 - FECHA Y HORA DE LA ÚLTIMA TRANSACCIÓN
campo de control 20201002045012.0
008 - DATOS DE LONGITUD FIJA--INFORMACIÓN GENERAL
campo de control de longitud fija 140507s2004 sp ac 000 0 spa d
020 ## - NÚMERO INTERNACIONAL ESTÁNDAR DEL LIBRO
Número Internacional Estándar del Libro 8460796310
040 ## - FUENTE DE LA CATALOGACIÓN
Centro catalogador/agencia de origen DO-SdBNP
Lengua de catalogación spa
Centro/agencia transcriptor BNPHU
100 1# - ENTRADA PRINCIPAL--NOMBRE DE PERSONA
Nombre de persona Sanchidrián Gallego, Jesús María José
9 (RLIN) 69854
245 10 - MENCIÓN DE TÍTULO
Título Estampas de la Tierra de Ávila :
Resto del título fotografías de un vivir diario (1987) /
Mención de responsabilidad, etc. Jesús M. J. Sanchidrán Gallego ; prólogo de José Jiménez Lozano.
260 ## - PUBLICACIÓN, DISTRIBUCIÓN, ETC.
Lugar de publicación, distribución, etc. Piedrahíta Ávila :
Nombre del editor, distribuidor, etc. Piedra Caballero, revista cultural,
Fecha de publicación, distribución, etc. 2004.
300 ## - DESCRIPCIÓN FÍSICA
Extensión 141 p. :
Otras características físicas il., retrs. ;
Dimensiones 30 cm.
505 0# - NOTA DE CONTENIDO CON FORMATO
Nota de contenido con formato El trabajo de la tierra--
Título Los molinos del Adaja--
-- El trato de los animales --
-- Tipos, arte y oficios --
-- Celebraciones festivas --
-- Deportes populares --
-- Atracciones --
-- Taurinos --
-- Mozos y quintos --
-- Cómicos y comediantes --
700 12 - PUNTO DE ACCESO ADICIONAL--NOMBRE DE PERSONA
Nombre de persona Jiménez Lozano, José
Término indicativo de función/relación pról.
9 (RLIN) 21662
Holdings
Estado de retiro Estado de pérdida Restricciones de uso No para préstamo Código de colección Localización permanente Ubicación/localización actual Ubicación en estantería Fecha de adquisición Número de inventario Total de préstamos Signatura topográfica completa Código de barras Fecha visto por última vez Precio válido a partir de Tipo de ítem Koha
      Excluido de préstamo Monografías: Libros y Folletos General General En catalogación 07.05.2014 LF1   43844-10 25.06.2020 25.06.2020 No se presta

Powered by Koha